Handbook for the Montreal protocol on substances that deplete the ozone layer (Record no. 542850)

000 -LEADER
fixed length control field 00400nam a22001337a 4500
082 ## - DEWEY DECIMAL CLASSIFICATION NUMBER
Classification number 363.7392
Author Mark HAN
-- D
245 ## - TITLE STATEMENT
Title Handbook for the Montreal protocol on substances that deplete the ozone layer
250 ## - EDITION STATEMENT
Edition statement 3rd ed.
260 ## - PUBLICATION, DISTRIBUTION, ETC.
Place of publication, distribution, etc. The world bank Washington, d.c.
Date of publication, distribution, etc. August, 1993
300 ## - PHYSICAL DESCRIPTION
Extent 170 p.:
Dimensions 30 cm.
526 ## - STUDY PROGRAM INFORMATION NOTE
Program name 0
Interest level 0
Reading level 0
Title point value 363_739200000000000_HAN
650 ## - SUBJECT ADDED ENTRY--TOPICAL TERM
Topical term or geographic name entry element MCE (D)
942 ## - ADDED ENTRY ELEMENTS (KOHA)
Source of classification or shelving scheme
Koha item type Book
Holdings
Withdrawn status Lost status Source of classification or shelving scheme Damaged status Not for loan Permanent Location Current Location Date acquired Total Checkouts Full call number Barcode Date last seen Price effective from Koha item type
          Military College of Engineering (MCE) Military College of Engineering (MCE) 02/20/2014   363.7392 HAN MCE-42412 02/20/2014 02/20/2014 Book
© 2023 Central Library, National University of Sciences and Technology. All Rights Reserved.